| 000 | 00000nam##2200000za#4500 |
| 001 | 9.687225 |
| 003 | CaOODSP |
| 005 | 20210624230901 |
| 007 | cr ||||||||||| |
| 008 | 150407|2004||||xxc|||||o f|0| 0 eng|d |
| 020 | |a0-662-38732-5 |
| 040 | |aCaOODSP|beng |
| 043 | |an-cn--- |
| 086 | 1 |aHS28-12/2004E-PDF |
| 110 | 1 |aCanada. |bSocial Development Canada. |
| 245 | 10|aEvaluation of the Canada Pension Plan Disability Vocational Rehabilitation Program - final report |h[electronic resource] |
| 260 | |aOttawa - Ontario : |bSocial Development Canada |c2004. |
| 590 | |a13-08-Supp|b2013-04-02 |
| 690 | 07|aVocational training|2gcpds |
| 690 | 07|aPensions|2gcpds |
| 775 | 08|tÉvaluation du programme de réadaptation professionnelle du Programme de prestations d'invalidité du Régime de pensions du Canada - rapport final |w(CaOODSP)9.631684 |
| 856 | 40|ahttp://publications.gc.ca|qPDF|s348 KB|uhttps://publications.gc.ca/collections/collection_2013/rhdcc-hrsdc/HS28-12-2004-eng.pdf |
| 986 | |aSP-AH209-09-04E |